| 000 | 00844cam a2200217 a 4500 | ||
|---|---|---|---|
| 020 | _a0872628582 | ||
| 082 | 0 | 0 |
_a621.319/22 _bAME _cL-NUST, P-38 |
| 245 | 0 | 0 |
_aDesign of latticed steel transmission structures / _cAmerican Society of Civil Engineers. |
| 260 |
_aNew York, NY : _bAmerican Society of Civil Engineers, _cc1992. |
||
| 300 |
_axiv, 47 p. : _bill. ; _c28 cm. |
||
| 490 | 1 | _aASCE standard | |
| 500 | _a"ANSI/ASCE 10-90, ANSI approved, December 9, 1991." | ||
| 500 | _aIncludes index. | ||
| 526 |
_a0 _b0 _c0 _d621_319220000000000_AME |
||
| 650 | 0 |
_aElectric lines _xPoles and towers _xDesign and construction. _946664 |
|
| 650 | 0 |
_aElectric lines _xPoles and towers _xTesting. _946665 |
|
| 650 | 0 |
_aNUST _96342 |
|
| 650 | 0 |
_aSteel, Structural _xTesting. _946666 |
|
| 710 | 2 |
_aAmerican Society of Civil Engineers. _9702 |
|
| 942 |
_2ddc _cBK |
||
| 999 |
_c549929 _d549929 |
||